Piłkarze Crystal Palace - nagła śmierć - Statystyki

Ogólne statystyki
  • Ten quiz został rozwiązany 105 razy
  • Średni wynik to 8 z 14
Answers on the Grid
Answers color-coded by a green-red scale on the quiz's grid according to % correct below.
Xherdan Shaqiri
Wilfried Zaha
Ryan Giggs
Michael Olise
Eberechi Eze
David Trezeguet
Conor Gallagher
Ben Chilwell
Ignazio Abate
Patrice Evra
Zbigniew Boniek
Marc Guéhi
Joe Cole
Michy Batshuayi
Moise Kean
Eddie Nketiah
David Silva
Grzegorz Lato
Christian Benteke
Nicolas Anelka
Ruben Loftus-Cheek
Emmanuel Adebayor
Kyle Walker
Alexander Sørloth
Divock Origi
Ashley Cole
Roger Guerreiro
Marouane Chamakh
 
Statystyki odpowiedzi
Odpowiedź % Poprawnych
Wilfried Zaha
95%
Eberechi Eze
94%
Michael Olise
87%
Marc Guéhi
85%
Conor Gallagher
67%
Ben Chilwell
65%
Eddie Nketiah
65%
Christian Benteke
61%
Michy Batshuayi
57%
Ruben Loftus-Cheek
52%
Marouane Chamakh
49%
Alexander Sørloth
30%
Emmanuel Adebayor
26%
Ashley Cole
14%
Nie znaleziono quizów pasujących do podanych kryteriów
Rozkład punktacji
Procent ludzi z każdym wynikiem
Percentyl według liczby udzielonych odpowiedzi
Twoja historia wyników
Nie rozwiązałeś tego quizu